Quick Pick: Find the Fake Cards II Quiz Stats

 Plays Quiz Updated Aug 26, 2017

Score 0/10 Timer 01:00
3 Plays Today
% Correct
10✈
98.5%
J✠
97.9%
97.8%
8❉
97.6%
K✱
97.1%
Ф♠
96.8%
Я♣
96.5%
1.0♦
95.2%
ל♦
92.6%
0♥
83%

Today's Daily Dose

Missing Word
Arizona A-Z

Word Ladder
Greek Letters II

Get the Picture
US National Parks

You're not logged in!

Compare scores with friends on all Sporcle quizzes.
OR
Log In

You Might Also Like...

Show Comments

Extras

Top Quizzes Today


Score Distribution

Your Account Isn't Verified!

In order to create a playlist on Sporcle, you need to verify the email address you used during registration. Go to your Sporcle Settings to finish the process.

Report this User

Report this user for behavior that violates our Community Guidelines.

Details: